000 00308 a2200157 4500
001 180024
020 _a
040 _cMagnum
100 _aAlbergaria, Lino de
240 1 0 _aVento
_lpor
245 1 0 _aVento
362 0 _a1899
440 1 _aRHJ
697 _aMAGNITO: I/AVENTURA, CRIANCAS
942 _cBK
999 _c180024
_d180024